[Event "35. DSenEM 50+"]
[Site "Bad Wildungen"]
[Date "2023.07.22"]
[Round "6.18"]
[White "Kozlov, Oleksandr"]
[Black "Fink, Wolfgang"]
[Result "1-0"]
[WhiteElo "1850"]
[BlackElo "1770"]
[PlyCount "67"]
[EventDate "2023.??.??"]
[BlackTeam "Fit, Step by Step e.V."]

1. e4 c5 2. Nf3 Nc6 3. d4 cxd4 4. Nxd4 e6 5. g3 a6 6. Bg2 Bc5 7. Nb3 Ba7 8. O-O Nge7 9. Nc3 O-O 10. Bf4 Ng6 11. Bd6 Re8 12. Qd2 Nce7 13. Qe2 Bb8 14. Bxb8 Rxb8 15. f4 Nc6 16. Qf2 Nge7 17. Rad1 b5 18. Rd3 Na5 19. Nxa5 Qxa5 20. a3 b4 21. axb4 Qxb4 22. Rfd1 f5 23. e5 Qb6 24. b3 Qc7 25. h3 Kf7 26. Na4 Rd8 27. Qc5 Qxc5+ 28. Nxc5 Nd5 29. Bxd5 exd5 30. Rxd5 Ke7 31. Rd6 Rb5 32. Nxa6 Ra5 33. Nb4 Rb5 34. Nc6+ 1-0

[Event "35. DSenEM 50+"]
[Site "Bad Wildungen"]
[Date "2023.07.22"]
[Round "6.19"]
[White "Bauer, Werner"]
[Black "Bigott, Martin"]
[Result "0-1"]
[WhiteElo "1813"]
[BlackElo "1768"]
[PlyCount "102"]
[EventDate "2023.??.??"]
[WhiteTeam "SV Weiss-Blau Allianz Muenchen"]
[BlackTeam "Schachklub Koeln-Suedwest"]

1. Nf3 d5 2. c4 c6 3. g3 Nf6 4. Bg2 Bf5 5. cxd5 Nxd5 6. O-O h6 7. d3 Bh7 8. b3 e6 9. Bb2 Nf6 10. Nbd2 Be7 11. Nc4 O-O 12. a4 Na6 13. Qd2 Nd5 14. Rfd1 Bb4 15. Qc2 Be7 16. Ba3 Nab4 17. Qd2 a5 18. Rac1 Re8 19. Bb2 Bf6 20. Bxf6 Nxf6 21. Ne1 Nfd5 22. e4 Nf6 23. Nc2 c5 24. Nxb4 cxb4 25. Qe3 Ra6 26. Rd2 Re7 27. Rdc2 Rc7 28. Ne5 Rxc2 29. Rxc2 Ra8 30. Qc5 Nd7 31. Nxd7 Qxd7 32. d4 Bg6 33. Rc4 f5 34. e5 f4 35. Qc7 Qxc7 36. Rxc7 Rd8 37. d5 exd5 38. gxf4 Bf5 39. Rxb7 d4 40. Rb5 d3 41. Bf3 d2 42. Bd1 Rc8 43. Rd5 Rc1 44. Rxd2 Bg4 45. f3 Bxf3 46. Rd8+ Kf7 47. Rd7+ Kf8 48. Ra7 Bxd1 49. Rxa5 Bxb3+ 50. Kf2 Ra1 51. Rb5 Rxa4 0-1

[Event "35. DSenEM 50+"]
[Site "Bad Wildungen"]
[Date "2023.07.22"]
[Round "6.20"]
[White "Hafenstein, Andrea"]
[Black "Schneider, Birgit"]
[Result "1/2-1/2"]
[WhiteElo "1799"]
[BlackElo "1829"]
[Annotator "hugo5"]
[PlyCount "25"]
[EventDate "2023.??.??"]
[WhiteTeam "Rodewischer Schachmiezen"]
[BlackTeam "SC Niefern-Oeschelbronn"]

1. e4 c5 2. Nf3 Nc6 3. c3 d5 4. exd5 Qxd5 5. Be2 Nf6 6. O-O e6 7. d3 Be7 8. h3 O-O 9. Qc2 b6 10. Be3 Bb7 11. a3 Rfd8 12. c4 Qd6 13. Nc3 {(=)} 1/2-1/2

[Event "35. DSenEM 50+"]
[Site "Bad Wildungen"]
[Date "2023.07.22"]
[Round "6.21"]
[White "Gerks, Joachim"]
[Black "Gaul, Karl-Heinz"]
[Result "1-0"]
[WhiteElo "1765"]
[BlackElo "1535"]
[PlyCount "97"]
[EventDate "2023.??.??"]
[WhiteTeam "SK Norderstedt von 1975"]
[BlackTeam "SC Schwarz-Weiss Lichtenrade e.V"]

1. e4 e5 2. Bc4 Bc5 3. Qf3 Nf6 4. Ne2 d6 5. h3 Qe7 6. Nbc3 a6 7. a3 b5 8. Ba2 Be6 9. d3 Nc6 10. O-O Nd4 11. Nxd4 Bxd4 12. Ne2 Bxa2 13. Rxa2 Bb6 14. Bg5 h6 15. Bxf6 gxf6 16. Ng3 O-O-O 17. Nh5 Qe6 18. Raa1 Rdg8 19. Nxf6 Rg6 20. Nh5 Rhg8 21. g4 Rg5 22. Kh2 c6 23. a4 b4 24. b3 R8g6 25. Rae1 Kd8 26. Re2 Ke8 27. Rg1 Bd8 28. Rg2 Rg8 29. Qe3 c5 30. f4 Rxh5 31. gxh5 Rxg2+ 32. Rxg2 Bh4 33. Rg8+ Ke7 34. f5 Qf6 35. Qf3 Bg5 36. Qg4 d5 37. h4 Bxh4 38. Qg7 dxe4 39. Qf8+ Kd7 40. Qc8+ Kd6 41. Qxa6+ Kd7 42. Qxf6 Bxf6 43. dxe4 Be7 44. Ra8 Bd8 45. Rxd8+ Kxd8 46. f6 Kd7 47. Kg3 Ke6 48. Kg4 Kxf6 49. a5 1-0

[Event "35. DSenEM 50+"]
[Site "Bad Wildungen"]
[Date "2023.07.22"]
[Round "6.22"]
[White "Lebioda-Dette, Kordula"]
[Black "Rehbein, Ullrich"]
[Result "1-0"]
[WhiteElo "1701"]
[BlackElo "1768"]
[PlyCount "51"]
[EventDate "2023.??.??"]
[WhiteTeam "SF Essen-Werden 1924/80"]
[BlackTeam "SAbt TG 1949 Wehlheiden"]

1. e4 a6 2. Nf3 c5 3. Be2 Nc6 4. O-O d6 5. c3 Nf6 6. d3 g6 7. Bg5 Bg7 8. Na3 Bd7 9. Nc2 Rc8 10. Re1 O-O 11. h3 Qc7 12. Ne3 e6 13. Nh2 b5 14. Nhg4 Nxg4 15. Nxg4 f5 16. exf5 exf5 17. Nh6+ Kh8 18. Bf3 Ne5 19. d4 cxd4 20. cxd4 Nxf3+ 21. Qxf3 Bxd4 22. Re7 Rfe8 23. Rae1 Rxe7 24. Rxe7 Bg7 25. Qd5 Qd8 26. Nf7+ 1-0

[Event "35. DSenEM 50+"]
[Site "Bad Wildungen"]
[Date "2023.07.22"]
[Round "6.23"]
[White "Stolzenwald, Frank"]
[Black "Papenfuss, Kai"]
[Result "0-1"]
[WhiteElo "1285"]
[BlackElo "1726"]
[PlyCount "88"]
[EventDate "2023.??.??"]
[WhiteTeam "TSG Turn- und Sportgemeinschaft"]
[BlackTeam "SV Bad Bevensen"]

1. d4 d5 2. c4 e6 3. a3 c6 4. c5 e5 5. e3 Bf5 6. Bd3 e4 7. Bc2 Nf6 8. Nc3 Nbd7 9. b4 Be7 10. h3 h5 11. Nge2 Qc7 12. a4 a6 13. Bd2 O-O 14. a5 h4 15. g4 hxg3 16. Nxg3 Be6 17. f4 exf3 18. Qxf3 Ne4 19. Ngxe4 dxe4 20. Qxe4 Qg3+ 21. Kd1 Nf6 22. Qf4 Qg2 23. Qh2 Qf3+ 24. Kc1 Nd5 25. Be4 Qh5 26. Nxd5 Bxd5 27. Bxd5 Qxd5 28. Kb2 Bf6 29. Rhg1 Rfe8 30. Raf1 Re6 31. Qg2 Rae8 32. Rxf6 Qxg2 33. Rxg2 Rxf6 34. Rg3 Rf2 35. Kc3 g6 36. Kd3 Kg7 37. e4 Rh8 38. d5 cxd5 39. exd5 Rd8 40. Bc3+ f6 41. d6 Kf7 42. Kd4 Rf4+ 43. Kd5 Rh8 44. d7 Ke7 0-1

[Event "35. DSenEM 50+"]
[Site "Bad Wildungen"]
[Date "2023.07.23"]
[Round "7.1"]
[White "Wacker, Peter"]
[Black "Zude, Arno"]
[Result "0-1"]
[WhiteElo "2285"]
[BlackElo "2348"]
[Annotator "hugo5"]
[PlyCount "118"]
[EventDate "2023.??.??"]
[WhiteTeam "Klub Koelner Schachfreunde e. V."]
[BlackTeam "SV 1920 Hofheim"]

1. e4 e5 2. Nf3 Nc6 3. Bc4 Bc5 4. d3 Nf6 5. Nc3 d6 6. Na4 Bb6 7. a3 h6 8. h3 O-O 9. O-O Re8 10. Re1 Be6 11. Bxe6 Rxe6 12. Nxb6 axb6 13. c4 Qe8 14. Nh4 Ne7 15. Bd2 b5 16. Rc1 bxc4 17. dxc4 c6 18. Bc3 {(=)} Qb8 19. Qb3 d5 20. cxd5 cxd5 21. exd5 Nexd5 22. Nf3 e4 23. Nd4 Rb6 24. Qc2 Qf4 25. Ne2 Qg5 26. Bxf6 Nxf6 27. Ng3 Re8 28. Qc3 e3 29. Rxe3 Rxe3 30. Qxe3 Qxe3 31. fxe3 Rxb2 32. Rc3 g6 33. e4 h5 34. Re3 Kf8 35. Ne2 Nd7 36. Nd4 Nc5 37. h4 Ke7 38. Kh2 Rd2 39. Nb3 Rd3 40. Rxd3 Nxd3 41. Kg3 Kd6 42. Kf3 b5 43. Nd4 Kc5 44. Ke3 Ne5 45. Nb3+ Kc4 46. Na5+ Kc3 47. Nb7 Nc4+ 48. Kf4 Kd4 49. Nd8 Nxa3 50. Nxf7 b4 51. e5 Kd5 52. Ng5 b3 53. e6 Nb5 54. e7 Nc7 55. Ne4 Ke6 56. Kg5 b2 57. Nd2 Kf7 58. Nb1 Kg7 59. Nd2 Ne6# 0-1

[Event "35. DSenEM 50+"]
[Site "Bad Wildungen"]
[Date "2023.07.23"]
[Round "7.2"]
[White "Cmiel, Thorsten"]
[Black "Syre, Christian"]
[Result "1-0"]
[WhiteElo "2038"]
[BlackElo "2169"]
[Annotator "hugo5"]
[PlyCount "57"]
[EventDate "2023.??.??"]
[WhiteTeam "Koelner Schachklub Dr.Lasker 186"]
[BlackTeam "SC Kreuzberg e.V."]

1. d4 Nf6 2. Nf3 g6 3. c4 d6 4. Nc3 Bg7 5. e4 O-O 6. Be2 Nbd7 7. Be3 e5 8. O-O Re8 9. Qc2 exd4 10. Nxd4 {(=)} c6 11. Rfd1 Qe7 12. f3 d5 13. cxd5 Nxd5 14. Nxd5 cxd5 15. Nb5 dxe4 16. f4 Nb6 17. Nc7 Bf5 18. Nxa8 Rxa8 19. Rdc1 h5 20. b3 Rc8 21. Qd2 Rxc1+ 22. Rxc1 Nc8 {(=)} 23. Qd5 Bf6 24. Qc5 Qxc5 25. Bxc5 Bd8 26. g3 a6 27. Kf2 Nb6 28. Rd1 Nd7 29. Be3 1-0

[Event "35. DSenEM 50+"]
[Site "Bad Wildungen"]
[Date "2023.07.23"]
[Round "7.3"]
[White "Schatz, Christian"]
[Black "Metz, Hartmut"]
[Result "1/2-1/2"]
[WhiteElo "2168"]
[BlackElo "2175"]
[Annotator "hugo5"]
[PlyCount "139"]
[EventDate "2023.??.??"]
[WhiteTeam "SC Postbauer-Heng e.V."]
[BlackTeam "SG Rochade Kuppenheim 1979 e.V."]

1. Nf3 Nf6 2. c4 c6 3. Nc3 d5 4. cxd5 cxd5 5. d4 Nc6 6. Bf4 a6 7. e3 Bf5 8. Bd3 Bxd3 9. Qxd3 e6 10. O-O Be7 11. h3 O-O 12. Rac1 Rc8 13. Ne5 Nxe5 14. Bxe5 Nd7 15. Bg3 Qa5 16. Rc2 Rc6 17. Rfc1 Rfc8 18. a3 Qd8 19. Ne2 Rxc2 20. Rxc2 Nb6 21. Nc1 Rc4 22. Qb3 Qd7 23. Rxc4 Nxc4 24. Nd3 Qc6 25. Ne5 Nxe5 26. Bxe5 b5 27. Kf1 f6 28. Bb8 Qb7 29. Bg3 Qc8 30. Ke2 Kf7 31. Kd2 f5 32. Qc3 Qc4 33. Qxc4 dxc4 34. Bc7 Ke8 35. Kc3 Kd7 36. Be5 g6 37. f3 Bh4 38. g3 Bd8 39. Kb4 Kc6 40. e4 a5+ 41. Kc3 a4 42. Kb4 Be7+ 43. Kc3 Bg5 44. Bg7 Be3 45. Be5 h5 46. g4 Bf2 47. Bf4 Be1+ 48. Bd2 Bg3 49. Bg5 Bd6 50. Be3 Be7 51. Bf4 Kd7 52. Be3 Kc6 53. Bf4 fxg4 54. fxg4 hxg4 55. hxg4 Bf8 56. Bg5 Bd6 57. Bd2 Kb6 58. Be3 Kc6 59. Bd2 Be7 60. Bf4 Bh4 61. Be3 Be1+ 62. Bd2 Bf2 63. Bf4 Bh4 64. Be3 Bg3 65. Bg5 Bd6 66. Be3 Bg3 67. Bd2 Bf2 68. Bf4 Be1+ 69. Bd2 Bf2 70. Bf4 {(=)} 1/2-1/2

[Event "35. DSenEM 50+"]
[Site "Bad Wildungen"]
[Date "2023.07.23"]
[Round "7.4"]
[White "Willsch, Matthias"]
[Black "Lindam, Ingo"]
[Result "1-0"]
[WhiteElo "2097"]
[BlackElo "2136"]
[PlyCount "83"]
[EventDate "2023.??.??"]
[WhiteTeam "Preetzer TSV"]
[BlackTeam "Schachclub Hilchenbach"]

1. d4 Nf6 2. Nf3 g6 3. c4 Bg7 4. Nc3 O-O 5. e4 d6 6. Be2 Na6 7. O-O e5 8. Be3 Ng4 9. Bg5 Qe8 10. dxe5 dxe5 11. Rb1 h6 12. Bc1 c6 13. b4 Qe7 14. b5 Nc7 15. bxc6 bxc6 16. Qa4 Qe6 17. Qa5 Ne8 18. Ba3 Nd6 19. Rfd1 Nb7 20. Qc7 Re8 21. Rxb7 Bxb7 22. Qxb7 Rab8 23. Qd7 Nf6 24. Qxe6 Rxe6 25. Nd2 Bf8 26. Bxf8 Kxf8 27. Nb3 Kg7 28. f3 Ne8 29. Rd7 a5 30. c5 Kf6 31. Ra7 Re7 32. Ra6 Rc7 33. Nd5+ Kg7 34. Nxc7 Nxc7 35. Rxc6 Ne6 36. Bc4 a4 37. Bxe6 fxe6 38. Nd2 Rb2 39. Nc4 Rxa2 40. Ra6 Kf8 41. c6 Ke7 42. Ra7+ 1-0

[Event "35. DSenEM 50+"]
[Site "Bad Wildungen"]
[Date "2023.07.23"]
[Round "7.5"]
[White "Jahn, Peter"]
[Black "Baer, Marco"]
[Result "1-0"]
[WhiteElo "2077"]
[BlackElo "2079"]
[PlyCount "65"]
[EventDate "2023.??.??"]
[WhiteTeam "Husumer SV von 1898"]
[BlackTeam "Schachclub Bayer Leverkusen e.V."]

1. d4 d6 2. Nf3 Bg4 3. g3 Bxf3 4. exf3 e6 5. c4 Nf6 6. d5 e5 7. Nc3 Be7 8. Bh3 O-O 9. O-O c6 10. dxc6 Nxc6 11. Be3 Re8 12. Qd2 Bf8 13. Rfd1 a6 14. Rac1 h6 15. b3 Qe7 16. Bb6 g5 17. Nd5 Nxd5 18. cxd5 Nd4 19. Qd3 Bg7 20. Kg2 Qf6 21. Rc7 Re7 22. Rdc1 Bf8 23. Bc8 Nb5 24. Rxe7 Qxe7 25. a4 Nd4 26. Rc7 Qf6 27. Bxb7 Rb8 28. Bxd4 exd4 29. Bxa6 Qd8 30. Rc6 Qa5 31. Bb5 Qa7 32. Qf5 Qa5 33. Bd3 1-0

[Event "35. DSenEM 50+"]
[Site "Bad Wildungen"]
[Date "2023.07.23"]
[Round "7.6"]
[White "Dreke, Frank"]
[Black "Heck, Norbert"]
[Result "1/2-1/2"]
[WhiteElo "1944"]
[BlackElo "2199"]
[PlyCount "94"]
[EventDate "2023.??.??"]
[WhiteTeam "SV Mattnetz Berlin e.V."]
[BlackTeam "SF Neuberg"]

1. e4 c5 2. Nf3 Nc6 3. d4 cxd4 4. Nxd4 e5 5. Nb5 d6 6. c4 a6 7. N5a3 Nf6 8. Nc3 Be6 9. Be2 Be7 10. O-O O-O 11. Be3 Nd7 12. Qd2 f5 13. f3 Nf6 14. Kh1 fxe4 15. fxe4 Bf7 16. Nc2 Bg6 17. Bf3 Rc8 18. Rac1 Kh8 19. Qd3 Nb8 20. Nb4 Nbd7 21. Nbd5 Nc5 22. Qe2 Nxd5 23. Nxd5 Bg5 24. b4 Bxe3 25. Qxe3 Nd7 26. Bg4 Rb8 27. Rxf8+ Nxf8 28. Qf3 h6 29. Rf1 Nh7 30. Bf5 Qg5 31. Kg1 Rf8 32. Qe3 Bxf5 33. Qxg5 Nxg5 34. exf5 Rc8 35. f6 gxf6 36. Rxf6 Ne4 37. Rxh6+ Kg7 38. Rh4 Rxc4 39. h3 Rd4 40. Ne3 Rxb4 41. Kh2 Kf7 42. Rg4 Ke6 43. h4 d5 44. Rg6+ Kf7 45. Rg4 Ke6 46. Rg6+ Kf7 47. Rg4 Ke6 1/2-1/2

[Event "35. DSenEM 50+"]
[Site "Bad Wildungen"]
[Date "2023.07.23"]
[Round "7.7"]
[White "Schell, Franz Juergen"]
[Black "Balzer, Lars"]
[Result "1/2-1/2"]
[WhiteElo "2069"]
[BlackElo "2016"]
[Annotator "hugo5"]
[PlyCount "40"]
[EventDate "2023.??.??"]
[WhiteTeam "Bramfelder SK 1947 e.V."]
[BlackTeam "OSG Baden-Baden"]

1. c4 e5 2. g3 g6 3. Bg2 Bg7 4. Nc3 d6 5. e3 Nc6 6. Nge2 h5 7. h4 Nf6 8. d4 O-O 9. O-O Ng4 10. b3 exd4 11. exd4 Bf5 12. Nd5 Qd7 13. Bb2 Rae8 14. Re1 Kh7 15. Qd2 b6 16. f3 Nh6 17. Nef4 Nd8 18. Kh2 Ne6 19. Nxh5 c6 20. Ndf4 Nxf4 {(=)} 1/2-1/2

[Event "35. DSenEM 50+"]
[Site "Bad Wildungen"]
[Date "2023.07.23"]
[Round "7.8"]
[White "von Kiedrowski, Klemens"]
[Black "Schneider, Michael"]
[Result "1/2-1/2"]
[WhiteElo "2069"]
[BlackElo "2025"]
[PlyCount "75"]
[EventDate "2023.??.??"]
[WhiteTeam "SAbt TG 1949 Wehlheiden"]
[BlackTeam "SC Niefern-Oeschelbronn"]

1. c4 Nf6 2. Nc3 d5 3. e3 g6 4. d4 Bg7 5. Nf3 O-O 6. Bd2 b6 7. cxd5 Nxd5 8. Bc4 Bb7 9. O-O e6 10. Rc1 Nd7 11. Qe2 N7f6 12. Rfd1 Qe7 13. a3 Rfc8 14. Bd3 Nxc3 15. Bxc3 Ne4 16. Be1 c5 17. Bxe4 Bxe4 18. dxc5 bxc5 19. Bc3 Rab8 20. Bxg7 Kxg7 21. Ne5 Rc7 22. f3 Bd5 23. e4 Bb3 24. Rd2 f6 25. Nc4 Rd7 26. e5 Bxc4 27. exf6+ Kxf6 28. Rxc4 Qd8 29. Rf4+ Ke7 30. Rxd7+ Qxd7 31. Qe5 Qd1+ 32. Kf2 Qc2+ 33. Kg3 Rxb2 34. Qc7+ Ke8 35. Qc8+ Ke7 36. Qc7+ Ke8 37. Qc8+ Ke7 38. Qc7+ 1/2-1/2

[Event "35. DSenEM 50+"]
[Site "Bad Wildungen"]
[Date "2023.07.23"]
[Round "7.9"]
[White "Porth, Hartmut"]
[Black "Hoffmann, Michael"]
[Result "0-1"]
[WhiteElo "1954"]
[BlackElo "1942"]
[PlyCount "108"]
[EventDate "2023.??.??"]
[WhiteTeam "SV Bargteheide"]
[BlackTeam "Gardez Robe"]

1. e4 c5 2. d3 Nc6 3. f4 g6 4. Nf3 Bg7 5. Be2 d6 6. O-O f5 7. exf5 gxf5 8. Ng5 Nf6 9. Bh5+ Nxh5 10. Qxh5+ Kd7 11. c3 h6 12. Nf3 Qf8 13. Na3 b6 14. Be3 Bb7 15. Nc2 Rg8 16. Rf2 Re8 17. d4 e6 18. b4 cxb4 19. cxb4 Ne7 20. a4 Nd5 21. b5 Bf6 22. Bd2 Rg4 23. Nfe1 Bh4 24. h3 Bxf2+ 25. Kxf2 Nf6 26. Qxe8+ Kxe8 27. hxg4 Ne4+ 28. Ke3 fxg4 29. Bb4 Qf5 30. Nd3 Kd7 31. Be1 g3 32. Ncb4 h5 33. Rc1 h4 34. Nc6 h3 35. gxh3 g2 36. Bf2 Nf6 37. Ke2 Qh5+ 38. Kd2 Qxh3 39. Bg1 a6 40. Nb8+ Ke8 41. bxa6 Be4 42. Nf2 Qf3 43. Rc8+ Kf7 44. Nxe4 Qxf4+ 45. Kc2 Qxe4+ 46. Kb3 Qb1+ 47. Ka3 Qxg1 48. a7 Qa1+ 49. Kb4 Qb2+ 50. Kc4 Qc2+ 51. Kb5 Qxc8 52. a8=Q g1=Q 53. Qa7+ Ke8 54. Nc6 Qb1+ 0-1

[Event "35. DSenEM 50+"]
[Site "Bad Wildungen"]
[Date "2023.07.23"]
[Round "7.10"]
[White "Roettinger, Eugen"]
[Black "Stern, Geoffrey"]
[Result "1/2-1/2"]
[WhiteElo "1965"]
[BlackElo "1959"]
[Annotator "hugo5"]
[PlyCount "20"]
[EventDate "2023.??.??"]
[WhiteTeam "TG Biberach 1847 e.V."]
[BlackTeam "Gambit Bonnevoie"]

1. d4 e6 2. Bf4 d5 3. e3 Nf6 4. Nd2 Bd6 5. Bg3 O-O 6. Bd3 b6 7. Qe2 Bb7 8. Ngf3 Ne4 9. Ne5 f6 10. Bxe4 dxe4 {(=)} 1/2-1/2

[Event "35. DSenEM 50+"]
[Site "Bad Wildungen"]
[Date "2023.07.23"]
[Round "7.11"]
[White "Noldt, Torsten"]
[Black "Herold, Hansjoerg"]
[Result "1/2-1/2"]
[WhiteElo "1989"]
[BlackElo "1836"]
[Annotator "hugo5"]
[PlyCount "45"]
[EventDate "2023.??.??"]
[WhiteTeam "Elmshorner SC von 1896"]
[BlackTeam "SV 23 Boeckingen"]

1. c4 e5 2. g3 Nf6 3. Bg2 c6 4. Nf3 e4 5. Nd4 d5 6. d3 exd3 7. Qxd3 Bb4+ 8. Bd2 Bxd2+ 9. Nxd2 O-O 10. O-O Re8 11. c5 Nbd7 12. b4 Ne5 13. Qc3 a5 14. a3 axb4 15. axb4 Bd7 16. Rxa8 Qxa8 17. Ra1 Qd8 18. Ra7 b6 19. Qa3 bxc5 20. bxc5 Qb8 21. Ra6 Nc4 22. Qa2 Nxd2 23. Rb6 {(=)} 1/2-1/2

[Event "35. DSenEM 50+"]
[Site "Bad Wildungen"]
[Date "2023.07.23"]
[Round "7.12"]
[White "Bigott, Martin"]
[Black "Sakkal, Cherin"]
[Result "1-0"]
[WhiteElo "1768"]
[BlackElo "1967"]
[Annotator "hugo5"]
[PlyCount "51"]
[EventDate "2023.??.??"]
[WhiteTeam "Schachklub Koeln-Suedwest"]
[BlackTeam "SC Haar 1931"]

1. d4 d5 2. Nf3 Nf6 3. Bg5 c6 4. Bxf6 exf6 5. c3 Bd6 6. e3 Bf5 7. Bd3 Qd7 8. Bxf5 Qxf5 9. Nbd2 Nd7 10. O-O g5 11. e4 Qf4 12. exd5 cxd5 13. Re1+ Kf8 14. Nf1 h5 15. Qd2 h4 16. Qxf4 Bxf4 17. g3 hxg3 18. fxg3 Bc7 19. Ne3 Nb6 20. Nf5 Nc4 {(=)} 21. Re7 Rc8 22. Rae1 Na5 23. Rd7 Nc6 24. Ne7 Kg7 25. Nxc8 Rxc8 26. Rxd5 1-0

[Event "35. DSenEM 50+"]
[Site "Bad Wildungen"]
[Date "2023.07.23"]
[Round "7.14"]
[White "Fabig, Holger"]
[Black "Kozlov, Oleksandr"]
[Result "0-1"]
[WhiteElo "1928"]
[BlackElo "1850"]
[PlyCount "138"]
[EventDate "2023.??.??"]
[WhiteTeam "SK Marmstorf GW Harburg"]

1. e4 c5 2. Nc3 Nc6 3. g3 g6 4. Bg2 Bg7 5. d3 e6 6. Be3 d6 7. Qd2 Qa5 8. f4 Nge7 9. Nf3 Bd7 10. O-O O-O 11. Nh4 f5 12. Rae1 Qb4 13. Nd1 Qxd2 14. Bxd2 Rae8 15. c3 Nd8 16. Re2 fxe4 17. dxe4 Bb5 18. Rfe1 Bxe2 19. Rxe2 Nec6 20. Ne3 Nf7 21. h3 Rc8 22. Nf3 b5 23. g4 b4 24. Kh2 Rfe8 25. Rf2 bxc3 26. bxc3 Rb8 27. a4 Rb1 28. Bf1 Re7 29. Bb5 Na5 30. f5 gxf5 31. gxf5 Ne5 32. Ng5 Rb2 33. Kg3 Nb3 34. Be1 Rxf2 35. Bxf2 Nd2 36. Kf4 exf5 37. Nxf5 Rc7 38. Nxd6 Nb1 39. Be1 a6 40. Bxa6 Rc6 41. Bc4+ Nxc4 42. Nxc4 Bxc3 43. Bxc3 Nxc3 44. a5 h6 45. Nf3 Kg7 46. e5 Kf7 47. Kf5 Nb5 48. Ne1 Nd4+ 49. Ke4 Ke6 50. Nd3 Nb3 51. Nf4+ Ke7 52. Kd5 Ra6 53. e6 Nxa5 54. Ng6+ Ke8 55. Nd2 Nc6 56. Kxc5 Ne7 57. Nf4 Ra2 58. Ne4 Ra4 59. Nf6+ Kf8 60. N6h5 Ra5+ 61. Kd6 Ra6+ 62. Ke5 Ra5+ 63. Kd6 Nf5+ 64. Kd7 Ra7+ 65. Kd8 Ne7 66. Nf6 Nc6+ 67. Kc8 Ke7 68. N6d5+ Kd6 69. Ne3 Rc7# 0-1

[Event "35. DSenEM 50+"]
[Site "Bad Wildungen"]
[Date "2023.07.23"]
[Round "7.16"]
[White "Birkholz, Axel"]
[Black "Hafenstein, Andrea"]
[Result "1-0"]
[WhiteElo "1843"]
[BlackElo "1799"]
[Annotator "hugo5"]
[PlyCount "79"]
[EventDate "2023.??.??"]
[WhiteTeam "SR Spaichingen"]
[BlackTeam "Rodewischer Schachmiezen"]

1. e4 d5 2. exd5 Qxd5 3. Nc3 Qa5 4. d4 c6 5. Nf3 g6 6. Bc4 Bg7 7. O-O Nf6 8. Re1 Qc7 9. h3 O-O 10. Qe2 e6 11. Bg5 b5 12. Bb3 Nbd7 13. Qe3 Bb7 14. Bh6 Rae8 15. Bf4 Qb6 16. Bd6 Nd5 17. Qd2 c5 18. Bxf8 Rxf8 19. Nxd5 exd5 20. c3 c4 21. Bc2 a5 22. a3 Qd6 23. Re2 Nf6 24. Rae1 Nh5 25. Re8 Nf4 26. Rxf8+ Bxf8 27. Qe3 b4 28. axb4 axb4 29. Qe5 Qxe5 30. Nxe5 bxc3 31. bxc3 Bc8 32. Kh2 f6 {(=)} 33. Ng4 Kf7 34. g3 Ne6 35. Ne3 Ng5 36. Ra1 Ke6 37. Kg2 Bd6 38. Ra8 Bd7 39. f4 Nf7 40. f5+ 1-0

[Event "35. DSenEM 50+"]
[Site "Bad Wildungen"]
[Date "2023.07.23"]
[Round "7.17"]
[White "Warnk, Torsten"]
[Black "Fiedler, Wolfgang"]
[Result "0-1"]
[WhiteElo "1733"]
[BlackElo "1981"]
[Annotator "hugo5"]
[PlyCount "80"]
[EventDate "2023.??.??"]
[WhiteTeam "Sges Bensheim 1931"]
[BlackTeam "SC Schwarz-Weiss Nuernberg Sued"]

1. d4 g6 2. Nf3 Bg7 3. Bf4 d6 4. e3 Nc6 5. c4 Bg4 6. Be2 e5 7. Bg5 f6 8. Bh4 Nge7 9. Nc3 Nf5 10. Bg3 Bxf3 11. Bxf3 exd4 12. Bxc6+ bxc6 13. exd4 Qe7+ 14. Ne2 O-O 15. O-O Rab8 16. Rb1 Rfe8 17. Re1 Nxg3 18. Nxg3 {(=)} Qxe1+ 19. Qxe1 Rxe1+ 20. Rxe1 Rxb2 21. Re7 f5 22. Rxc7 Bxd4 23. Rxc6 Bxf2+ 24. Kf1 Bc5 25. Rc8+ Kg7 26. Re8 Rf2+ 27. Ke1 Rxa2 28. Re2 Rxe2+ 29. Nxe2 a5 30. Kd2 a4 31. Kc2 Kf6 32. Nc3 a3 33. Kb3 Ke5 34. Nb5 Ke4 35. Nxa3 Bxa3 36. Kxa3 Kd4 37. Kb4 f4 38. Kb5 g5 39. Kc6 Kxc4 40. Kxd6 g4 0-1

[Event "35. DSenEM 50+"]
[Site "Bad Wildungen"]
[Date "2023.07.23"]
[Round "7.18"]
[White "Gerks, Joachim"]
[Black "Schaefer, Lutz"]
[Result "1-0"]
[WhiteElo "1765"]
[BlackElo "1841"]
[PlyCount "57"]
[EventDate "2023.??.??"]
[WhiteTeam "SK Norderstedt von 1975"]
[BlackTeam "SV Vimbuch"]

1. e4 d6 2. h3 Nf6 3. d3 e5 4. Nf3 Nc6 5. c3 Be7 6. Be2 O-O 7. O-O a5 8. Na3 d5 9. exd5 Nxd5 10. Nc4 Bf6 11. Ncd2 a4 12. Ne4 Be7 13. Qc2 f5 14. Ng3 Bf6 15. Nh5 f4 16. Nxf6+ Qxf6 17. Nd2 Qg6 18. Kh2 Bf5 19. Ne4 Kh8 20. Bf3 Rfd8 21. Bd2 Ra6 22. Rfd1 b6 23. Be1 Nce7 24. Qe2 Ra7 25. Bh5 Qe6 26. Ng5 Qf6 27. Nf7+ Kg8 28. Nxd8 Nc8 29. Bf7+ 1-0

[Event "35. DSenEM 50+"]
[Site "Bad Wildungen"]
[Date "2023.07.23"]
[Round "7.19"]
[White "Schneider, Birgit"]
[Black "Domnick, Michael"]
[Result "1/2-1/2"]
[WhiteElo "1829"]
[BlackElo "1742"]
[Annotator "hugo5"]
[PlyCount "32"]
[EventDate "2023.??.??"]
[WhiteTeam "SC Niefern-Oeschelbronn"]
[BlackTeam "Turnverein Witzhelden 1884 e. V."]

1. e4 d5 2. exd5 Qxd5 3. Nc3 Qa5 4. d4 c6 5. Bc4 Nf6 6. Nf3 Bf5 7. Bd2 e6 8. Qe2 Qc7 9. O-O-O Nbd7 10. Ne5 Nxe5 11. dxe5 Nd5 12. g4 Bg6 13. Nxd5 exd5 14. Bb3 O-O-O 15. f4 Be4 16. Rhf1 Bc5 {(=)} 1/2-1/2

[Event "35. DSenEM 50+"]
[Site "Bad Wildungen"]
[Date "2023.07.23"]
[Round "7.20"]
[White "Schmitt, Carsten"]
[Black "Lebioda-Dette, Kordula"]
[Result "1-0"]
[WhiteElo "1875"]
[BlackElo "1701"]
[PlyCount "73"]
[EventDate "2023.??.??"]
[WhiteTeam "SV Bergwinkel"]
[BlackTeam "SF Essen-Werden 1924/80"]

1. c4 Nf6 2. g3 e5 3. Bg2 Be7 4. Nc3 O-O 5. e4 d6 6. Nge2 Nc6 7. O-O Bd7 8. h3 h6 9. d3 Qc8 10. Kh2 Nh7 11. f4 f5 12. exf5 Bxf5 13. g4 Bd7 14. f5 Bh4 15. Be3 Qd8 16. Qd2 Ne7 17. Bxb7 Rb8 18. Bg2 Bc6 19. Bxa7 Bxg2 20. Kxg2 Rb7 21. Bf2 Bg5 22. Qc2 Qa8 23. Kh2 Rbb8 24. b3 Nf6 25. Ne4 Bf4+ 26. Bg3 Bxg3+ 27. N2xg3 Nc6 28. Nxf6+ gxf6 29. Qd2 Kh7 30. Qg2 Qa6 31. Nh5 Nd4 32. h4 Rf7 33. g5 hxg5 34. hxg5 fxg5 35. Qxg5 Rg8 36. Qg6+ Kh8 37. Qh6+ 1-0

[Event "35. DSenEM 50+"]
[Site "Bad Wildungen"]
[Date "2023.07.23"]
[Round "7.21"]
[White "Gaul, Karl-Heinz"]
[Black "Bauer, Werner"]
[Result "0-1"]
[WhiteElo "1535"]
[BlackElo "1813"]
[Annotator "hugo5"]
[PlyCount "80"]
[EventDate "2023.??.??"]
[WhiteTeam "SC Schwarz-Weiss Lichtenrade e.V"]
[BlackTeam "SV Weiss-Blau Allianz Muenchen"]

1. d4 d6 2. Nf3 g6 3. e4 Bg7 4. Bd3 Bg4 5. c3 c5 6. dxc5 dxc5 7. h3 Bd7 8. Be3 b6 9. Nbd2 Nc6 10. Qb3 e5 11. Ng5 Nh6 12. Nc4 O-O 13. Nd6 Qe7 14. Nc4 Rab8 15. Nf3 b5 16. Qa3 bxc4 17. Bxc4 Rfc8 18. Bxc5 Qe8 19. b3 Be6 20. Ba6 Rd8 21. Ng5 Bc8 22. Bc4 Bf8 23. O-O Bxc5 24. Qxc5 Qe7 25. Qe3 Kg7 26. f4 f6 27. g4 {(=)} exf4 28. Rxf4 fxg5 29. Rf2 Bxg4 30. Bd5 Ne5 31. Raf1 Be6 32. c4 Bxd5 33. exd5 Rf8 34. d6 Qxd6 35. Qxa7+ Kg8 36. c5 Qd4 37. Qe7 Rxf2 38. Qe6+ Rf7+ 39. Kg2 Qe4+ 40. Kh2 Neg4+ 0-1

[Event "35. DSenEM 50+"]
[Site "Bad Wildungen"]
[Date "2023.07.23"]
[Round "7.22"]
[White "Fink, Wolfgang"]
[Black "Brixius, Dirk"]
[Result "0-1"]
[WhiteElo "1770"]
[BlackElo "1748"]
[PlyCount "66"]
[EventDate "2023.??.??"]
[WhiteTeam "Fit, Step by Step e.V."]
[BlackTeam "SF Essen-Werden 1924/80"]

1. f4 d5 2. Nf3 c5 3. c3 Nf6 4. e3 e6 5. d4 Nbd7 6. Bd3 Bd6 7. Nbd2 O-O 8. Ne5 Bc7 9. Qe2 c4 10. Bc2 Nxe5 11. fxe5 Ne4 12. Nxe4 dxe4 13. Qg4 f5 14. exf6 Qxf6 15. Qxe4 Qf2+ 16. Kd1 g6 17. Bd2 e5 18. Be1 Qf7 19. Kd2 Bf5 20. Qf3 exd4 21. exd4 Qd7 22. Bxf5 Rxf5 23. Qe2 Bf4+ 24. Kd1 b5 25. Rf1 Re8 26. Qg4 Re4 27. Bf2 b4 28. a4 bxc3 29. bxc3 Qb7 30. Qe2 Rxe2 31. Kxe2 Qb2+ 32. Kf3 Qxc3+ 33. Ke4 Qd3# 0-1